[Event "IBCA Wch blind Gr2"]
[Site "Zaragoza"]
[Date "2013.06.16"]
[Round "5"]
[White "Kirilov, Jordan"]
[Black "Zanoletty Garcia, David"]
[Result "1/2-1/2"]
[WhiteElo "1639"]
[BlackElo "2022"]
[PlyCount "97"]
[EventDate "2013.06.12"]
[EventType "swiss"]
[EventRounds "7"]
[EventCountry "ESP"]
[SourceTitle "EXT 2014"]
[Source "ChessBase"]
[SourceDate "2013.11.20"]
[SourceVersion "1"]
[SourceVersionDate "2013.11.20"]
[SourceQuality "1"]

1. e4 e6 2. d3 d5 3. Nd2 Nf6 4. g3 Bc5 5. Bg2 Nc6 6. Ngf3 dxe4 7. dxe4 0-0 8. 0-0 e5 9. h3 a5 10. Re1 Re8 11. c3 a4 12. Qc2 b5 13. Nf1 Be6 14. Be3 Qe7 15. Ng5 Bd7 16. b4 Ba7 17. Bxa7 Nxa7 18. Ne3 g6 19. Nf3 c6 20. Red1 Rad8 21. Ne1 Nc8 22. Nd3 Nd6 23. Nc5 Bc8 24. c4 Nb7 25. Nxb7 Bxb7 26. c5 Bc8 27. Rxd8 Rxd8 28. Rd1 Ne8 29. Rd3 Be6 30. a3 f6 31. Rd2 Rxd2 32. Qxd2 Kf7 33. h4 Nc7 34. Bf3 Qd7 35. Qc3 Qe7 36. Qc1 Bd7 37. Kg2 Ne6 38. Ng4 h5 39. Nh6+ Kg7 40. Bxh5 Nxc5 41. Ng4 Bxg4 42. Bxg4 Nxe4 43. Qxc6 f5 44. Be2 Qa7 45. Kh3 Qxf2 46. Qc7+ Kf6 47. Qc6+ Kg7 48. Qc7+ Kf6 49. Qc6+ 1/2-1/2

[Event "IBCA Wch blind Gr2"]
[Site "Zaragoza"]
[Date "2013.06.13"]
[Round "2"]
[White "Suder, Ryszard"]
[Black "Kirilov, Jordan"]
[Result "1/2-1/2"]
[WhiteElo "2133"]
[BlackElo "1639"]
[PlyCount "87"]
[EventDate "2013.06.12"]
[EventType "swiss"]
[EventRounds "7"]
[EventCountry "ESP"]
[SourceTitle "EXT 2014"]
[Source "ChessBase"]
[SourceDate "2013.11.20"]
[SourceVersion "1"]
[SourceVersionDate "2013.11.20"]
[SourceQuality "1"]

1. Nf3 Nf6 2. g3 d5 3. Bg2 c6 4. 0-0 Bf5 5. d3 h6 6. b3 e6 7. Bb2 Be7 8. Nbd2 0-0 9. c4 Nbd7 10. Rc1 Re8 11. Rc2 a5 12. a3 Bd6 13. Nd4 Bg6 14. cxd5 exd5 15. N2f3 Qb6 16. a4 Bc5 17. Qa1 Re7 18. Nh4 Rae8 19. Bf3 Ne5 20. Rxc5 Nxf3+ 21. Nhxf3 Qxc5 22. Ba3 Qb6 23. Bxe7 Rxe7 24. Qd1 c5 25. Nb5 Qe6 26. Re1 Bh5 27. Kg2 Bxf3+ 28. Kxf3 Qh3 29. e3 Ng4 30. Rh1 Nxh2+ 31. Ke2 Qg2 32. Qg1 Qf3+ 33. Ke1 Ng4 34. Rh4 Nxe3 35. fxe3 Rxe3+ 36. Kd2 Rxd3+ 37. Kc1 d4 38. Qe1 Re3 39. Qxa5 Qf1+ 40. Kc2 Qd3+ 41. Kc1 Qf1+ 42. Kc2 Qf2+ 43. Kd1 Qf1+ 44. Kc2 1/2-1/2

[Event "IBCA Wch blind 12th"]
[Site "Belgrade"]
[Date "2010.08.30"]
[Round "5.49"]
[White "Sehitogullari, Halil"]
[Black "Kirilov, Jordan"]
[Result "0-1"]
[WhiteElo "1581"]
[BlackElo "1626"]
[PlyCount "136"]
[EventDate "2010.08.26"]
[EventType "swiss"]
[EventRounds "9"]
[EventCountry "SRB"]
[SourceTitle "EXT 2011"]
[Source "ChessBase"]
[SourceDate "2010.11.26"]
[SourceVersion "1"]
[SourceVersionDate "2010.11.26"]
[SourceQuality "1"]

1. f4 Nf6 2. e3 b6 3. Bd3 Bb7 4. Nf3 g6 5. b3 Bg7 6. Bb2 d6 7. Qe2 a6 8. Na3 Nbd7 9. Bc4 e6 10. 0-0-0 b5 11. Bd3 Nc5 12. Rhf1 0-0 13. c3 Nxd3+ 14. Qxd3 c5 15. Qe2 b4 16. Nc2 Qa5 17. Kb1 Ne4 18. c4 Bxb2 19. Kxb2 Qd8 20. Qe1 Qf6+ 21. d4 Nc3 22. Rd2 Be4 23. Ng5 Bxc2 24. Kxc2 h6 25. Nf3 Nxa2 26. g3 a5 27. Rd3 a4 28. Nd2 axb3+ 29. Nxb3 Nc3 30. Rxc3 bxc3 31. Kxc3 Rfb8 32. Rf2 Ra3 33. Rb2 cxd4+ 34. exd4 e5 35. dxe5 dxe5 36. Qxe5 Qb6 37. Kc2 Rxb3 38. Qxb8+ Qxb8 39. Rxb3 Qa7 40. Kc3 Kf8 41. Kb4 Ke7 42. Rd3 Qb6+ 43. Kc3 Qa5+ 44. Kb3 Qb6+ 45. Kc3 Qf2 46. h4 Qe1+ 47. Kc2 Qe2+ 48. Kc3 Ke6 49. c5 Qe1+ 50. Kc4 Qc1+ 51. Rc3 Qf1+ 52. Kd4 Kd7 53. c6+ Kc7 54. Kd5 Qg2+ 55. Kd4 Qd2+ 56. Rd3 Qb4+ 57. Kd5 Qb5+ 58. Kd4 Kxc6 59. Ke3 Qf5 60. Kd2 h5 61. Re3 f6 62. Rc3+ Kd5 63. Rd3+ Kc4 64. Rc3+ Kb4 65. Re3 Qd5+ 66. Ke2 Qg2+ 67. Kd3 Qf1+ 68. Kd4 Qc4# 0-1

[Event "IBCA Wch blind 12th"]
[Site "Belgrade"]
[Date "2010.08.29"]
[Round "4.40"]
[White "Kirilov, Jordan"]
[Black "Petrovic, Vladan"]
[Result "1/2-1/2"]
[WhiteElo "1626"]
[BlackElo "2049"]
[PlyCount "80"]
[EventDate "2010.08.26"]
[EventType "swiss"]
[EventRounds "9"]
[EventCountry "SRB"]
[SourceTitle "EXT 2011"]
[Source "ChessBase"]
[SourceDate "2010.11.26"]
[SourceVersion "1"]
[SourceVersionDate "2010.11.26"]
[SourceQuality "1"]

1. Nf3 d5 2. g3 Nf6 3. Bg2 Bf5 4. d3 e6 5. 0-0 Bc5 6. Bf4 0-0 7. Nbd2 Bd6 8. Bxd6 Qxd6 9. c4 c6 10. Nh4 Bg6 11. Nxg6 hxg6 12. a3 Nbd7 13. b4 Rfe8 14. Qa4 Nb6 15. Qc2 dxc4 16. dxc4 Rad8 17. Rad1 Qc7 18. c5 Nbd7 19. Nc4 Nf8 20. Nd6 Re7 21. Rd3 Red7 22. Rfd1 Ne8 23. Nc4 Rxd3 24. Rxd3 Rxd3 25. Qxd3 Nh7 26. Nd6 Nxd6 27. Qxd6 Qxd6 28. cxd6 Kf8 29. b5 cxb5 30. Bxb7 Ke8 31. Bc6+ Kd8 32. Bxb5 Nf6 33. f3 Ne8 34. Bxe8 Kxe8 35. e4 e5 36. f4 f6 37. fxe5 fxe5 38. Kf2 Kd7 39. Ke3 Kxd6 40. Kd3 Kc5 1/2-1/2

[Event "Bastiais Master 5th"]
[Site "Bastia"]
[Date "2007.03.??"]
[Round "?"]
[White "Utrera, Ludovic"]
[Black "Kirilov, Jordan"]
[Result "1-0"]
[WhiteElo "1720"]
[BlackElo "1350"]
[PlyCount "21"]
[EventDate "2007.03.??"]
[EventType "swiss"]
[EventRounds "9"]
[EventCountry "FRA"]
[SourceTitle "CBM 117 Extra"]
[Source "ChessBase"]
[SourceDate "2007.05.09"]
[SourceVersion "1"]
[SourceVersionDate "2007.05.09"]
[SourceQuality "1"]

1. d4 e6 2. c4 b6 3. e4 g6 4. Nf3 Bg7 5. Bg5 f6 6. Bf4 Ne7 7. Nc3 Na6 8. a3 Bb7 9. Qa4 c6 10. c5 bxc5 11. Bxa6 1-0